| 000 | 00642nam a2200229 i 4500 | ||
|---|---|---|---|
| 001 | 7102 | ||
| 003 | ES-MaACL | ||
| 005 | 20230906145148.0 | ||
| 007 | t| | ||
| 008 | 900820s1990 xxk d |||| | eng d | ||
| 020 | _a0-415-04138-4 | ||
| 080 | _a355(038) | ||
| 080 | _a43.316.4:355 | ||
| 245 | 0 | 2 |
_aA Dictionary of military quotations / _ccompiled by Trevor Royle. |
| 250 | _a1st ed. | ||
| 260 |
_aLondon : _bRoutledge, _c1990. |
||
| 300 |
_a210 p. ; _c24 cm. |
||
| 650 | 4 |
_aArte y ciencia militar- _vDiccionarios. _9155031 |
|
| 700 | 1 |
_aRoyle, Trevor, _ecomp. _9195337 |
|
| 852 |
_aES-MaACL _jL-14250 _z- Enc. tela |
||
| 999 |
_c7102 _d7102 |
||